| 000 | 00462nam a2200193Ia 4500 | ||
|---|---|---|---|
| 003 | OSt | ||
| 005 | 20250915101652.0 | ||
| 008 | 250729s2005 xx 000 0 und d | ||
| 020 | _a978-8170243403 | ||
| 040 | _cAL | ||
| 041 | _aeng | ||
| 082 | _a372.25 BHAS | ||
| 100 |
_aBhatta Ganesha H S _9222520 |
||
| 245 | _aSecondary Education | ||
| 260 |
_aNew Delhi _bA P H Publishing _c2005 |
||
| 300 | _a339p | ||
| 650 |
_aEducation _9222521 |
||
| 942 |
_2ddc _cBED |
||
| 999 |
_c235501 _d235501 |
||